| 000 | 00583nam a2200205 a 4500 | ||
|---|---|---|---|
| 005 | 20240911064012.0 | ||
| 008 | 991125s1976 chi 000 0 eng u | ||
| 020 | _a0838931782 | ||
| 035 | _aUPN01000045074 | ||
| 049 | _aCE | ||
| 050 | 4 |
_aZ668.5 _bW3.6 |
|
| 100 | 1 | _aWarncke, Ruth | |
| 245 | 1 | 0 |
_aPlanning library workshops and institutes / _cRuth Warncke. |
| 260 |
_aChicago, E.U.A. : _bALA, _c1976. |
||
| 300 | _a178 p. | ||
| 440 | 0 |
_aPublic library reporter ; _v17 |
|
| 650 | 4 |
_aBibliotecas _xPlanificación _92893 |
|
| 650 | 4 |
_aBIBLIOTECAS PARA OBREROS _93002 |
|
| 905 | _aLibro | ||
| 999 |
_c45074 _d45074 |
||